000
00247nam a2200109Ia 4500
008
220204s9999 xx 000 0 und d
082
_a
82-3
_b
BAR
100
_a
Barclay, George
245
0
_a
Angels 22
260
_a
London
_b
Arrow
_c
1977
942
_c
BK
999
_c
33995
_d
33995